Consciousness (Record no. 1399631)

MARC details
000 -LEADER
fixed length control field 00572nam a2200217Ia 4500
005 - DATE AND TIME OF LATEST TRANSACTION
control field 20250508170156.0
008 - FIXED-LENGTH DATA ELEMENTS--GENERAL INFORMATION
fixed length control field 008 250505s9999 xx 000 0 eng d
020 ## - INTERNATIONAL STANDARD BOOK NUMBER
International Standard Book Number 978-0-367-23770-7
037 ## - SOURCE OF ACQUISITION
Stock number TextBook
040 ## - CATALOGING SOURCE
Original cataloging agency FEDL
Language of cataloging eng
Transcribing agency FEDL
041 ## - LANGUAGE CODE
Language code of text/sound track or separate title eng
Source of code eng
084 ## - COLON CLASSIFICATION NUMBER
Classification number 128.2, GEN/R
Assigning agency FEDL
100 ## - MAIN ENTRY--PERSONAL NAME
Personal name Gennaro Rocco J
245 #0 - TITLE STATEMENT
Title Consciousness
260 ## - PUBLICATION, DISTRIBUTION, ETC.
Place of publication, distribution, etc. London, UK
Name of publisher, distributor, etc. Routledge
Date of publication, distribution, etc. 2017
300 ## - PHYSICAL DESCRIPTION
Extent vii,243p.
365 ## - TRADE PRICE
Price type code INR
Price amount 13
490 ## - SERIES STATEMENT
Series statement New Problems of Philosophy
942 ## - ADDED ENTRY ELEMENTS (KOHA)
Koha item type Textbook
Classification part 128.2, GEN/R
Holdings
Withdrawn status Lost status Damaged status Not for loan Home library Current library Date acquired Cost, normal purchase price Total Checkouts Full call number Barcode Date last seen Price effective from Koha item type
        Department of Education Library Department of Education Library 2025-05-08 13.00   128.2, GEN/R EL0093633 2025-05-08 2025-05-08 Textbook
Copyright @ Delhi University Library System